000 00470nam a2200193Ia 4500
008 140626s9999 xx 000 0 und d
100 _aHoop, Honey.
245 _aLive Davao /
_cHoney Hoop ... [et al.].
260 _cc.
300 _a : , page 64
440 _aYour Guide to Davao Philippines
521 _aTOU
650 _aClubs.
650 _aDaytime adventures.
650 _aNightlife.
650 _aSpa.
650 _aWellness retreat.
942 _cSE
999 _c121133
_d121133